Closest countries to 0'0' - Statistics

General Stats
  • This quiz has been taken 31 times
  • The average score is 10 of 12
Answer Stats
Miles Answer % Correct
356 Ghana
96%
502 Nigeria
96%
438 Togo
96%
404 Ivory Coast
92%
447 Benin
88%
679 Burkina Faso
88%
701 Cameroon
85%
601 Liberia
85%
610 Gabon
77%
771 Guinea
73%
451 São Tomé and Príncipe
73%
625 Equatorial Guinea
62%
No matching quizzes found
Score Distribution
Percent of People with Each Score
Percentile by Number Answered
Your Score History
You have not taken this quiz